Vade-mecum institutionel

Αποθηκεύτηκε σε:
Λεπτομέρειες βιβλιογραφικής εγγραφής
Συγγραφή απο Οργανισμό/Αρχή: Commission of the European Communities
Μορφή: Βιβλίο
Γλώσσα:French
Δημοσίευση: [s.l.] : Commission des Communautes Europeennes, 1990
Θέματα:
Ετικέτες: Προσθήκη ετικέτας
Δεν υπάρχουν, Καταχωρήστε ετικέτα πρώτοι!

MARC

LEADER 00000cam a2200000 i 4500
001 1/9696
008 000823s1990 fre d
035 |l 10063160 
040 |a GR-MY-UA  |b gre  |e aacr 
041 0 |a fre 
082 0 |a 341.2422 
110 2 |a Commission of the European Communities. 
245 1 0 |a Vade-mecum institutionel /  |c Commission des Communautes Europeennes 
260 |a [s.l.] :   |b Commission des Communautes Europeennes,   |c 1990 
300 |a 91 p.  |b tabl. 
651 0 |a European Economic Community countries  |x Economic integration. 
852 |a INST  |b LESVOS  |e 20000823  |h 341.2422 COM  |p 005100024314  |q 005100024314  |t BK  |y 0 
901 |a BIBL1-2000-2 
970 |z 2000/08/ΧΡΥΣΑΝΘΗ